00589nam a2200193Ia 4500003000400000005001700004008004100021040000700062041000800069082001500077100003600092245003300128260004200161300000900203650002000212942001300232999001900245952013100264OSt20260408115310.0250729s2011 xx 000 0 und d cAL akan a930.7 SHIP aDr.S.N.Shivarudra Swami9230883 aPrachina bharathada ithihasa aThipaturubPourastha Prakashanac2011 a454p aHistory9230884 2ddccBED c239004d239004 00104070aALbALd2025-07-29eManagement Booksg175.00l0o930.7 SHIPpBED04323r2025-07-29 16:57:11v175.00w2025-07-29yBK